000 02632nam0a2200433 4500
001 RU\NLR\BIBL_A\012222694
005 20200630121126.0
010 _a978-5-7782-4016-2
_920
021 _aRU
_bКН-П-19-103224
_9КН-П-19-7600
035 _a(NLR Aleph) 012222694
035 _a(RuMoRGB)010218084
090 _a10941089
_c10941089
100 _a20200217d2019 k y0rusy50 ca
101 0 _arus
_aeng
102 _aRU
105 _ay|||z|||100zy
181 0 _ai
_baxxe
182 0 _an
200 1 _aЯзык в образовательном пространстве неязыкового вуза: теория и практика
_eматериалы II Всероссийской научно-практической конференции, г. Новосибирск, 18-19 апреля 2019 г.
_e[сборник]
_fМинистерство науки и высшего образования Российской Федерации, Новосибирский государственный технический университет
_g[под редакцией Ю. В. Ридной]
203 _aТекст
_bвизуальный
_cнепосредственный
210 _aНовосибирск
_cИзд-во НГТУ
_d2019
215 _a407, [1] с.
_cтабл.
_d21
300 _aЧасть текста англ.
320 _aБиблиогр. в конце ст.
606 1 _aИностранные языки
_xПреподавание
_xВысшая школа
_jСъезды, совещания и т.п.
_jСъезды, совещания и т.п
_2nlr_sh2
_3RU\NLR\AUTH\661291992
606 1 _aЯзыкознание
_2nlr_sh1
_2nlr_sh2
_3RU\NLR\AUTH\6613279
606 1 _aАнглийский язык
_jСъезды, совещания и т.п
_2nlr_sh1
_2nlr_sh2
_3RU\NLR\AUTH\6646032
686 1 _aЧ486.17я431
686 1 _aШ10я431
686 1 _aШ143.21-я431
702 1 _aРидная
_bЮ. В.
_gЮлия Викторовна
_4340
711 1 2 _a"Язык в образовательном пространстве неязыкового вуза: теория и практика", всероссийская научно-практическая конференция
_d2
_f2019
_eНовосибирск
_3RU\NLR\AUTH\880518697
712 0 2 _aНовосибирский государственный технический университет
_3RU\NLR\AUTH\887219
_4475
942 _cBOOK
980 _aNBR
980 _aNB